Statistics for wwe superstars

Click here to take the quiz!

General Stats

  • This quiz has been taken 360 times
  • The average score is 11 of 15

Answer Stats

HintAnswer% Correct
big red monsterkane
97%
rated R superstaredge
89%
worlds strongest manmark henry
86%
619rey mysterio
83%
sexy boy/hbkshawn michaels
83%
great whitesheamus
80%
the peoples champthe rock
80%
the champ is herejohn cena
79%
no no nodaniel bryan
75%
captin charismachristian
72%
barrett barragewade barrett
71%
straight edgecm punk
68%
internet champzack ryder
57%
nature boyrick flair
51%
i love to fightfinlay
39%

Score Distribution

Percentile by Number Answered

Percent of People with Each Score

Your Score History

You have not taken this quiz